[Event "Gatineau Outaouais op U1900"]
[Site "Gatineau"]
[Date "2014.06.??"]
[Round "1"]
[White "Bilodeau, Victor"]
[Black "Danilov, Alex"]
[Result "1-0"]
[WhiteElo "1609"]
[BlackElo "1843"]
[PlyCount "115"]
[EventDate "2014.06.??"]
[EventType "swiss"]
[EventRounds "5"]
[EventCountry "CAN"]
[SourceTitle "EXT 2022"]
[Source "ChessBase"]
[SourceDate "2021.10.06"]
[SourceVersion "1"]
[SourceVersionDate "2021.10.06"]
[SourceQuality "1"]

1. d4 Nf6 2. c4 e6 3. Nf3 Bb4+ 4. Bd2 Bxd2+ 5. Qxd2 b6 6. e3 Bb7 7. Be2 0-0 8. Nc3 d5 9. cxd5 exd5 10. 0-0 Nbd7 11. Rac1 c5 12. Nb5 Ne4 13. Qc2 a6 14. Nc3 cxd4 15. Nxd4 Rc8 16. Qd1 Qf6 17. Nxe4 dxe4 18. Rxc8 Rxc8 19. Bg4 Rc7 20. Qb1 Ne5 21. Bf5 Nd3 22. f3 Qe5 23. f4 Qc5 24. Bg4 Nb4 25. Bd1 Qc1 26. Qxc1 Rxc1 27. Bb3 Nd3 28. Rxc1 Nxc1 29. Bc2 Nxa2 30. Ne2 Nb4 31. Bb1 Nd3 32. b3 Bd5 33. Nd4 a5 34. Kf1 Nc5 35. Bc2 Kf8 36. Ke2 g6 37. Kd2 Ke7 38. Kc3 f6 39. b4 axb4+ 40. Kxb4 Nd3+ 41. Kc3 Ne1 42. g3 Kd6 43. Nb5+ Kc5 44. Nc7 Nxc2 45. Kxc2 b5 46. Ne8 b4 47. Nxf6 Bc6 48. Kb3 Kb5 49. g4 Ka5 50. Nxh7 Bd5+ 51. Kb2 Kb5 52. f5 gxf5 53. gxf5 Kc4 54. Nf6 Bc6 55. h4 Kd3 56. Ng4 Bd7 57. Ne5+ Kxe3 58. Nxd7 1-0

[Event "Hull Outaouais op"]
[Site "Hull"]
[Date "1998.10.24"]
[Round "2"]
[White "Morin, Louis"]
[Black "Bilodeau, Victor"]
[Result "1/2-1/2"]
[WhiteElo "1892"]
[BlackElo "1664"]
[PlyCount "40"]
[EventDate "1998.10.23"]
[EventType "swiss"]
[EventRounds "5"]
[EventCountry "CAN"]
[SourceTitle "EXT 2022"]
[Source "ChessBase"]
[SourceDate "2021.10.06"]
[SourceVersion "1"]
[SourceVersionDate "2021.10.06"]
[SourceQuality "1"]

1. e4 e5 2. Nf3 Nf6 3. Nc3 d6 4. d4 exd4 5. Qxd4 Nc6 6. Bb5 Bd7 7. Bxc6 Bxc6 8. 0-0 Be7 9. h3 0-0 10. Bf4 Re8 11. Rad1 Qc8 12. Nd5 Nxd5 13. exd5 Bf6 14. Qd3 Bd7 15. Nd4 Be5 16. Bc1 b6 17. Qc4 Bxh3 18. gxh3 Qxh3 19. f4 Bxd4+ 20. Rxd4 Qg3+ 1/2-1/2